PADAH JIKA BERSIKAP PENGOTOR / (Record no. 179951)
[ view plain ]
| 000 -LEADER | |
|---|---|
| fixed length control field | 01094aam a2200349 ia4500 |
| 001 - CONTROL NUMBER | |
| control field | vtls000785814 |
| 003 - CONTROL NUMBER IDENTIFIER | |
| control field | PNM |
| 005 - DATE AND TIME OF LATEST TRANSACTION | |
| control field | 20201118101743.0 |
| 008 - FIXED-LENGTH DATA ELEMENTS--GENERAL INFORMATION | |
| fixed length control field | 151006s2017 my a j 000 1 may |
| 015 ## - NATIONAL BIBLIOGRAPHY NUMBER | |
| National bibliography number | M17-00955 |
| 020 ## - INTERNATIONAL STANDARD BOOK NUMBER | |
| International Standard Book Number | 9789675602672 |
| Qualifying information | set |
| International Standard Book Number | 9789675602740 |
| Qualifying information | paperback |
| 039 #9 - LEVEL OF BIBLIOGRAPHIC CONTROL AND CODING DETAIL [OBSOLETE] | |
| Level of rules in bibliographic description | 201704141453 |
| Level of effort used to assign nonsubject heading access points | azura_a |
| Level of effort used to assign subject headings | 201704051557 |
| Level of effort used to assign classification | roswati |
| Level of effort used to assign subject headings | 201703300640 |
| Level of effort used to assign classification | rasidah |
| Level of effort used to assign subject headings | 201510061850 |
| Level of effort used to assign classification | azma |
| 040 ## - CATALOGING SOURCE | |
| Original cataloging agency | BNM |
| Language of cataloging | eng |
| Transcribing agency | BNM |
| Description conventions | rda |
| Modifying agency | PPAK |
| 049 ## - LOCAL HOLDINGS (OCLC) | |
| Holding library | mal |
| 082 04 - DEWEY DECIMAL CLASSIFICATION NUMBER | |
| Classification number | 899.2333 |
| Edition number | 23 |
| 090 00 - LOCALLY ASSIGNED LC-TYPE CALL NUMBER (OCLC); LOCAL CALL NUMBER (RLIN) | |
| Classification number (OCLC) (R) ; Classification number, CALL (RLIN) (NR) | 899.2333 |
| Feature heading | ZUB |
| Feature heading | K |
| 100 0# - MAIN ENTRY--PERSONAL NAME | |
| Personal name | Zubir Zakaria, |
| Relator term | author. |
| 245 10 - TITLE STATEMENT | |
| Title | PADAH JIKA BERSIKAP PENGOTOR / |
| Statement of responsibility, etc. | Zubir Zakaria |
| 264 #1 - PRODUCTION, PUBLICATION, DISTRIBUTION, MANUFACTURE, AND COPYRIGHT NOTICE | |
| Place of production, publication, distribution, manufacture | Subang Jaya, Selangor : |
| Name of producer, publisher, distributor, manufacturer | FOCUS LEARNING PUBLICATIONS, |
| Date of production, publication, distribution, manufacture, or copyright notice | [2017] |
| 300 ## - PHYSICAL DESCRIPTION | |
| Extent | 32 pages : |
| Other physical details | illustrations ; |
| Dimensions | 26 cm. |
| 336 ## - CONTENT TYPE | |
| Content type term | text |
| Source | rdacontent |
| 337 ## - MEDIA TYPE | |
| Media type term | unmediated |
| Source | rdamedia |
| 338 ## - CARRIER TYPE | |
| Carrier type term | volume |
| Source | rdacarrier |
| 490 1# - SERIES STATEMENT | |
| Series statement | Pekerti Mulia Budaya Bangsa |
| 650 10 - SUBJECT ADDED ENTRY--TOPICAL TERM | |
| Topical term or geographic name entry element | Children's stories, Malay |
| Topical term or geographic name entry element | Didactic fiction, Malay |
| 830 #0 - SERIES ADDED ENTRY--UNIFORM TITLE | |
| Uniform title | Pekerti mulia budaya bangsa |
| 942 ## - ADDED ENTRY ELEMENTS (KOHA) | |
| Source of classification or shelving scheme | Dewey Decimal Classification |
| Koha item type | Book |
| 949 ## - LOCAL PROCESSING INFORMATION (OCLC) | |
| 6 | 2000063464 |
| 6 | 2000063463 |
| Withdrawn | Not for loan | Current library | Shelving location | Date acquired | Full call number | Barcode | Date last seen | Koha item type |
|---|---|---|---|---|---|---|---|---|
| Perpustakaan Alor Setar | Pinjaman Kanak-kanak | 01/12/2020 | K 899.2333 ZUB | A00739860 | 01/12/2020 | Book |